Halliday´s introduction to functional grammar

Saved in:
書目詳細資料
主要作者: Halliday, Michael Alexander Kirkwood (Author)
格式: 圖書
語言:英语
出版: Londres Routledge 2014
版:4a. ed
主題:
標簽: 添加標簽
沒有標簽, 成為第一個標記此記錄!

MARC

LEADER 00000cam a2200000 a 4500
001 UCE3442
003 CL-VaPUC
008 140905e20140000uk |||||||||||||||||eng|d
020 |a 9780415826280 
020 |a 9781444146608 
082 0 4 |a 425  |b HAL  |2 21 
100 0 |a Halliday, Michael Alexander Kirkwood  |e author  |9 461646 
245 1 0 |a Halliday´s introduction to functional grammar 
250 |a 4a. ed 
300 |a 786 p 
942 |c BK 
945 |d 20140905 00:55:00  |a arojas 
260 |a Londres  |b Routledge  |c 2014 
650 7 |a FUNCIONALISMO  |2 CL-VaPUC  |9 575908 
650 0 |a Lingüística  |9 265068 
650 0 |a Gramática inglesa  |9 392981 
583 |a last modification  |c 20140905 04:00:47  |k Rodrigo Vera 
999 |c 356730  |d 356728 
952 |0 0  |1 0  |3 erb  |4 0  |6 425_000000000000000_HAL_2014  |7 0  |8 A  |9 464291  |a FDOPOS  |b FDOPOS  |i 5111390  |o 425 HAL 2014  |p 5111390  |r 2025-01-22  |w 2019-11-23  |y BK  |z Catalogado en:20140905  |k DLA 
952 |0 0  |1 0  |3 erb  |4 0  |6 425_000000000000000_HAL_2014  |7 0  |8 A  |9 464292  |a BIBEDU  |b BIBEDU  |i 5395356  |l 1  |o 425 HAL 2014  |p 5395356  |r 2024-09-04  |s 2024-08-06  |w 2019-11-23  |y BK  |z Catalogado en:20170609  |k CIT